All 1M+ Cities in the US - Statistics

General Stats
  • This quiz has been taken 1,392 times
  • The average score is 43 of 53
Answer Stats
State Population (Millions) City Name % Correct
New York 22.4 New York City
100%
California 17.8 Los Angeles
99%
Illinois 9.8 Chicago
98%
Florida 6.4 Miami
97%
California 7.9 San Francisco
97%
Massachusetts 7.7 Boston
96%
Texas 7.1 Dallas
96%
Texas 6.6 Houston
96%
Georgia 5.8 Atlanta
95%
Pennsylvania 7.4 Philadelphia
95%
District of Columbia 8.6 Washington
95%
Arizona 4.6 Phoenix
94%
Washington 4.4 Seattle
94%
Colorado 3.7 Denver
93%
Michigan 5.7 Detroit
93%
Nevada 2.3 Las Vegas
93%
California 3.3 San Diego
92%
Minnesota 3.2 Minneapolis
91%
Florida 3.4 Orlando
91%
Utah 2.425 Salt Lake City
91%
Indiana 1.98 Indianapolis
90%
Oregon 2.4 Portland
90%
Florida 4.3 Tampa
90%
Ohio 3.1 Cleveland
89%
Hawaii 1 Honolulu
87%
Texas 2.2 San Antonio
87%
Tennessee 1.46 Nashville
86%
Pennsylvania 2.05 Pittsburgh
85%
California 2.075 Sacramento
85%
Texas 1.92 Austin
84%
North Carolina 2.425 Charlotte
84%
Louisiana 1.02 New Orleans
84%
Oklahoma 1.14 Oklahoma City
84%
Ohio 2.8 Cincinnati
83%
Missouri 2.35 St. Louis
83%
Ohio 1.73 Columbus
82%
New York 1.35 Buffalo
80%
Wisconsin 1.55 Milwaukee
79%
North Carolina 1.63 Raleigh
78%
Florida 1.42 Jacksonville
77%
Missouri 1.98 Kansas City
77%
Connecticut 1.69 Hartford
74%
Tennessee 1.15 Memphis
74%
Virginia 1.61 Virginia Beach
70%
Kentucky 1.06 Louisville
69%
Virginia 1.06 Richmond
63%
Pennsylvania 1.33 Harrisburg
60%
Texas 1.02 El Paso
55%
North Carolina 1.11 Greensboro
44%
Texas 1.3 McAllen
31%
California 1.25 Stockton
29%
Florida 1.07 Cape Coral
19%
Florida 1.19 Melbourne
18%
No matching quizzes found
Score Distribution
Percent of People with Each Score
Percentile by Number Answered
Your Score History
You have not taken this quiz